[Event "Platja d'Aro op 9th"]
[Site "Platja d'Aro"]
[Date "2022.12.27"]
[Round "2"]
[White "Jorda Garcia, Carles"]
[Black "Zaitcev, Pavel"]
[Result "1-0"]
[WhiteElo "1995"]
[BlackElo "1421"]
[PlyCount "79"]
[EventDate "2022.12.26"]
[EventType "swiss"]
[EventRounds "9"]
[EventCountry "ESP"]
[SourceTitle "CBM 211 Extra"]
[Source "ChessBase"]
[SourceDate "2023.01.31"]
[SourceVersion "1"]
[SourceVersionDate "2023.01.31"]
[SourceQuality "1"]

1. e4 e5 2. Nf3 Nc6 3. Bc4 Bc5 4. c3 d6 5. 0-0 Nf6 6. d4 exd4 7. cxd4 Bb6 8. Nc3 0-0 9. h3 Bd7 10. Bg5 h6 11. Bh4 Re8 12. Re1 Ne7 13. Bxf6 gxf6 14. Qd2 Kh7 15. Bxf7 Rf8 16. Bb3 c5 17. Rad1 f5 18. e5 dxe5 19. dxc5 Bxc5 20. Qxd7 Qxd7 21. Rxd7 e4 22. Ne5 Rg8 23. Nd5 Rad8 24. Nf6+ Kg7 25. Nxg8 Rxg8 26. Bxg8 Kxg8 27. Rc1 b6 28. Rxc5 bxc5 29. Rxe7 Kf8 30. Ng6+ Kg8 31. Rxa7 h5 32. a4 c4 33. a5 c3 34. bxc3 f4 35. a6 e3 36. Nxf4 exf2+ 37. Kxf2 h4 38. Rb7 Kh8 39. a7 Kg8 40. a8Q# 1-0